<?xml version="1.0" encoding="UTF-8"?>
<collection xmlns="http://www.loc.gov/MARC21/slim">
 <record>
  <leader>     na                 </leader>
  <controlfield tag="001">INLIS000000001504751</controlfield>
  <controlfield tag="005">20260428023031</controlfield>
  <datafield tag="035" ind1=" " ind2=" ">
   <subfield code="a">0010-0426000073</subfield>
  </datafield>
  <controlfield tag="007">ta</controlfield>
  <controlfield tag="008">260428                |          | |  </controlfield>
  <datafield tag="082" ind1=" " ind2=" ">
   <subfield code="a">L.310-25183</subfield>
  </datafield>
  <datafield tag="084" ind1=" " ind2=" ">
   <subfield code="a">L.310-25183 PUT p</subfield>
  </datafield>
  <datafield tag="100" ind1="0" ind2=" ">
   <subfield code="a">PUTRI SYAHRANI BLONGKOD</subfield>
   <subfield code="e">Pengarang</subfield>
  </datafield>
  <datafield tag="245" ind1="1" ind2=" ">
   <subfield code="a">PENAMBAHAN SUSU BUBUK AFKIR DALAM PAKAN TERHADAP BERAT KARKAS DAN LEMAK ABDOMINAL AYAM PEJANTAN LAYER /</subfield>
   <subfield code="c">Polbangtan Malang</subfield>
  </datafield>
  <datafield tag="300" ind1=" " ind2=" ">
   <subfield code="a">86 hlm</subfield>
  </datafield>
  <datafield tag="650" ind1=" " ind2="4">
   <subfield code="a">Ayam pejantan, susu bubuk afkir, berat karkas, lemak abdominal, business plan</subfield>
  </datafield>
  <datafield tag="520" ind1=" " ind2=" ">
   <subfield code="a">Permintaan terhadap daging ayam pejantan sebagai sumber protein alternatif&#13;
semakin meningkat, namun biaya pakan yang tinggi masih menjadi hambatan&#13;
utama dalam budidayanya. Salah satu solusi untuk menekan biaya adalah dengan&#13;
memanfaatkan limbah industri seperti susu bubuk afkir, yang masih mengandung&#13;
nutrisi tinggi namun belum dimanfaatkan secara optimal. Penelitian ini bertujuan&#13;
untuk mengetahui pengaruh penambahan susu bubuk afkir dalam pakan terhadap&#13;
berat karkas dan lemak abdominal ayam pejantan layer, serta menyusun business&#13;
plan usaha peternakan ayam pejantan layer berbasis pakan alternatif.&#13;
Penelitian dilakukan selama 60 hari dengan menggunakan 90 ekor ayam&#13;
pejantan layer yang dibagi dalam tiga perlakuan: P0 (0%), P1 (2%), dan P2 (4%)&#13;
susu bubuk afkir, masing-masing enam ulangan. Data dianalisis menggunakan&#13;
ANOVA dan uji DMRT. Hasil menunjukkan bahwa perlakuan P2 memberikan&#13;
peningkatan berat karkas yang signifikan (536,7 g/ekor), sedangkan kadar lemak&#13;
abdominal tidak berbeda nyata antar perlakuan (p &gt; 0,05), meskipun terdapat&#13;
peningkatan numerik.&#13;
Penyusunan business plan dilakukan pada skala produksi 5.000 ekor per siklus. Total biaya produksi sebesar Rp123.808.600 dengan penerimaan sebesar&#13;
Rp137.200.000, sehingga diperoleh laba bersih sebesar Rp13.391.400 per siklus.&#13;
Hasil perhitungan menunjukkan nilai R/C Ratio sebesar 1,10, ROI sebesar&#13;
10,85%, BEP produksi sebesar 3.537 kg, BEP harga sebesar Rp31.583/kg, dan&#13;
Payback Period selama 9,21 periode atau sekitar 1 tahun 10 bulan. Hasil ini&#13;
menunjukkan bahwa penyusunan bisnis plan berbasis inovasi pakan alternatif&#13;
berupa susu bubuk afkir mendukung efisiensi produksi serta menunjukkan kelayakan dan potensi pengembangan usaha peternakan ayam pejantan.</subfield>
  </datafield>
  <datafield tag="336" ind1=" " ind2=" ">
   <subfield code="2">rdacontent</subfield>
   <subfield code="a">Text</subfield>
  </datafield>
  <datafield tag="337" ind1=" " ind2=" ">
   <subfield code="2">rdamedia</subfield>
   <subfield code="a">Buku Tercetak</subfield>
  </datafield>
  <datafield tag="338" ind1=" " ind2=" ">
   <subfield code="2">rdacarrier</subfield>
   <subfield code="a">Hardcopy</subfield>
  </datafield>
  <datafield tag="856" ind1=" " ind2=" ">
   <subfield code="a">https://repository.polbangtanmalang.ac.id/xmlui/handle/123456789/2137</subfield>
  </datafield>
  <datafield tag="264" ind1=" " ind2=" ">
   <subfield code="a">Malang :</subfield>
   <subfield code="b">Polbangtan Malang,</subfield>
   <subfield code="c">2025</subfield>
  </datafield>
  <datafield tag="990" ind1=" " ind2=" ">
   <subfield code="a">L.310-25183</subfield>
  </datafield>
 </record>
</collection>
